00365nam a2200157Ia 4500008004100000041000800041082001600049100001200065245001500077250001100092260004400103300000900147520002200156906001200178999001700190221007s9999 xx 000 0 und d aeng a920.72bKAR aKarve A aMaze Puran a3rd ed c1998bShree Samarth publicationaMumbai a143p aDB10073 June 2015 bGeneral c68472d68472